| 000 | 00520nam a2200169 a 4500 | ||
|---|---|---|---|
| 001 | 1294 | ||
| 005 | 20140414131927.0 | ||
| 008 | 001120s19uu xx 00 eng d | ||
| 020 | _a1-898000-60-3 | ||
| 050 |
_aER _bP93 1994 |
||
| 100 | _aGilchrist, Cherry | ||
| 245 |
_aPrince Ivan and the firebird / _cretold by Cherry Gilchrist ; illustrated by Andrei Troshkov. |
||
| 260 |
_aGreat Britain : _bBarefoot Books, _c1994. |
||
| 300 | _a31 p. : ill., col. ; cm. | ||
| 650 | _aFolklore -- Soviet Union. | ||
| 999 |
_c112060 _d112060 |
||